000 01288cam a2200373 4500
001 ABS67834
008 040603n2004 000 0 eng u
035 _a(Sirsi) u126412
100 _aGhiasse, N.
245 4 _aThe long arm of environmental law
260 _c2004
490 _aEstates Gazette
_v(0420) 15 May 2004, 162-163(2)
520 _aUsing UK statutes and case law, discusses environmental liability and the definition of who is a polluter under the polluter pays principle.
590 _aABS
590 _aABS
650 _aENVIRONMENTAL LAW
650 _aENVIRONMENTAL LIABILITY
650 _aPOLLUTER PAYS PRINCIPLE
650 _aPOLLUTERS
650 _aENVIRONMENTAL PROTECTION ACT 1990
650 _aTOWN AND COUNTRY PLANNING ACT 1990 S331
650 _aWATER RESOURCES ACT 1991 S217(1)
650 _aNOISE ACT 1996
650 _aCONSTRUCTION SITES
650 _aCIVIL LIABILITY
650 _aCOMMON LAW
650 _aBLACKBURN AND ANOTHER V ARC LTD
650 _aHUNTER V CANARY WHARF LTD
650 _aATTORNEY GENERAL (EX REL GLAMORGAN CC AND ANOTHER) V PYA QUARRIES LTD
650 _aRYLANDS V FLETCHER
650 _aCAMBRIDGE WATER CO LTD V EASTERN COUNTIES LEATHER PLC
690 _aENVIRONMENT-ENVIRONMENTAL LAW
942 _n0
999 _c117474
_d117474